000 00483cam a2200145 4500500
005 20250921003555.0
041 _afre
042 _adc
100 1 0 _aRogé, Antoine
_eauthor
245 0 0 _aMarcos Nobre: « La révolte populaire redonne sa noblesse au foot »
260 _c2014.
500 _a57
786 0 _nPhilosophie Magazine | 81 | 7 | 2014-07-01 | p. 3-3
856 4 1 _uhttps://shs.cairn.info/magazine-philosophie-magazine-2014-7-page-3?lang=fr&redirect-ssocas=7080
999 _c1506497
_d1506497